Geografia - mapa świata - Statystyki

Ogólne statystyki
  • Ten quiz został rozwiązany 148 razy
  • Średni wynik to 41 z 103
Odpowiedzi na mapie
Odpowiedzi zakodowano w zielono-czerwonej skali na mapie do tego quizu, zgodnie z poniższymi procentami.
 
Statystyki odpowiedzi
Odpowiedź % Poprawnych
Stany Zjednoczone
77%
Kanada
76%
Rosja
75%
Polska
74%
Meksyk
71%
Dania
62%
Brazylia
61%
Ukraina
61%
Francja
60%
Niemcy
60%
Finlandia
58%
Estonia
57%
Litwa
57%
Łotwa
57%
Szwecja
57%
Argentyna
56%
Hiszpania
56%
Norwegia
56%
Chiny
55%
Czechy
55%
Irlandia
55%
Islandia
55%
Portugalia
55%
Wielka Brytania
55%
Włochy
55%
Belgia
52%
Słowacja
52%
Austria
51%
Grecja
51%
Chile
50%
Japonia
49%
Australia
48%
Holandia
48%
Szwajcaria
48%
Bośnia i Hercegowina
46%
Chorwacja
45%
Indie
45%
Węgry
45%
Albania
44%
Słowenia
44%
Turcja
44%
Kazachstan
43%
Peru
43%
Urugwaj
43%
Kuba
42%
Rumunia
42%
Macedonia Północna
41%
Czarnogóra
40%
Bułgaria
39%
Serbia
39%
Luksemburg
38%
Paragwaj
38%
Korea Północna
37%
Mongolia
37%
Korea Południowa
36%
Nigeria
36%
Arabia Saudyjska
35%
Boliwia
35%
Kolumbia
35%
Mołdawia
35%
Wenezuela
35%
Iran
34%
Maroko
34%
Watykan
34%
Nowa Zelandia
33%
Republika Południowej Afryki
33%
Andora
32%
Demokratyczna Republika Konga
32%
Irak
32%
Monako
32%
Indonezja
31%
Liechtenstein
31%
Malta
31%
Afganistan
30%
Ekwador
30%
Algieria
29%
Filipiny
29%
Pakistan
29%
San Marino
29%
Oman
27%
Panama
26%
Jemen
25%
Libia
25%
Nepal
25%
Sudan
25%
Tajlandia
25%
Gruzja
24%
Izrael
24%
Kenia
24%
Malezja
24%
Somalia
24%
Wietnam
24%
Bangladesz
23%
Tunezja
23%
Syria
22%
Tanzania
21%
Etiopia
20%
Jordania
17%
Mozambik
17%
Sudan Południowy
17%
Botswana
16%
Liban
15%
Namibia
13%
Nie znaleziono quizów pasujących do podanych kryteriów
Rozkład punktacji
Procent ludzi z każdym wynikiem
Percentyl według liczby udzielonych odpowiedzi
Twoja historia wyników
Nie rozwiązałeś tego quizu